Central Library OPAC University of Rajshahi

Sentences undecidable in formalized arithmetic : (Record no. 6213)

MARC details
000 -LEADER
fixed length control field 00861nam a2200265 a 4500
001 - CONTROL NUMBER
control field 6213
003 - CONTROL NUMBER IDENTIFIER
rucl marc code BD RJUL
005 - DATE AND TIME OF LATEST TRANSACTION
control field 20211208234215.0
008 - FIXED-LENGTH DATA ELEMENTS--GENERAL INFORMATION
fixed length control field 161002m19641952ne a b 000 0 eng d
035 ## - SYSTEM CONTROL NUMBER
System control number BD RJUL 6253
System control number (OCoLC)373243
040 ## - CATALOGING SOURCE
Original cataloging agency DLC/ICU
Transcribing agency CGU
Modifying agency BD RJUL
Language of cataloging eng
041 ## - LANGUAGE CODE
Language code of text/sound track or separate title eng
082 ## - DEWEY DECIMAL CLASSIFICATION NUMBER
Classification number 511.3
Author mark and year MOS 1964
Edition number 23
100 1# - MAIN ENTRY--PERSONAL NAME
Personal name Mostowski, Andrzej.
9 (RLIN) 19540
245 10 - TITLE STATEMENT
Title Sentences undecidable in formalized arithmetic :
Remainder of title an exposition of the theory of Kurt Gรถdel /
Statement of responsibility, etc. Andrzej Mostowski.
260 ## - PUBLICATION, DISTRIBUTION, ETC. (IMPRINT)
Place of publication, distribution, etc. Amsterdam :
Name of publisher, distributor, etc. North-Holland,
Date of publication, distribution, etc. 1964
300 ## - PHYSICAL DESCRIPTION
Pagination 117 p. ;
Size 22 cm.
504 ## - BIBLIOGRAPHY, ETC. NOTE
Bibliography, etc Bibliography: p. 116-117.
650 #0 - SUBJECT ADDED ENTRY--TOPICAL TERM
Topical term or geographic name as entry element Logic, Symbolic and mathematical.
9 (RLIN) 19542
Topical term or geographic name as entry element Semantics (Philosophy).
9 (RLIN) 19543
830 #0 - SERIES ADDED ENTRY--UNIFORM TITLE
Uniform title Studies in logic and the foundations of mathematics
942 ## - ADDED ENTRY ELEMENTS (KOHA)
Source of classification or shelving scheme Dewey Decimal Classification
Koha item type Books
Holdings
Lost status Source of classification or shelving scheme Damaged status Not for loan Collection code Permanent Location Current Location Date acquired Source of acquisition Cost, normal purchase price Total Checkouts Full call number Date last seen Copy number Koha item type Shelving location
  Dewey Decimal Classification     Non-fiction Central Library, University of Rajshahi Central Library, University of Rajshahi 25/10/1968 Book Centre. 30.00   511.3 MOS 1964 09/01/2014 C-2 Books  
  Dewey Decimal Classification     Non-fiction Central Library, University of Rajshahi Central Library, University of Rajshahi 25/10/1968 Book Centre 30.00   511.3 MOS 1964 27/08/2016 C-3 Books